000 00591nam a22001817a 4500
005 20260305151007.0
008 260305b |||||||| |||| 00| 0 eng d
020 _a978-93-5090-355-7
050 _aRC 731 .W67 2013
_b1
100 _aJINDAL ,SURINDER K
245 _aWORD CLINIC : PULMONARY AND CRITTICAL CARE MEDICINE CHRONIC OBJECTIVE PULMONARY DESEASE
260 _aNEW DELHI
_bJAYPEE BROTHERS MEDICAL PUBLISHERS
_c2013
300 _aX , 212P, :ILL
500 _aINCLUIDES, INDEX
650 _aCHRONIC OBSTRUCTIVE PULMONARY DESEASE
700 _aVIJAYAN , VANNAN
942 _2lcc
_cBK
999 _c216791
_d216791